عرض عادي
عرض مارك
- بالان، آر.
مدخل إسم شخص
001 - رقم الضبط
- حقل الضبط: 43470
003 - معرف رقم الضبط
- حقل الضبط: OSt
005 - تاريخ ووقت أخر عملية
- حقل الضبط: 20140311111142.0
008 - عناصر بيانات ثابتة الطول
- حقل تحكم ثابت الطول: 140311|||a|||||| | ||| d
040 ## - مصدر الفهرسة
- هيئة الفهرسة الأصلية: OSt
- وكالة الكتابة: OSt
100 ## - مدخل -- أسم شخص
- إسم شخص: بالان، آر.
670 ## - بيانات المصدر موجوده
- الاستشهاد بالمصدر: Work cat.: (OSt): بالان، آر., أصنع طيفك /, 2012
